000 00319nam a22001337a 4500
008 181217b xxu||||| |||| 00| 0 eng d
020 _a9780486428109
041 _aeng
080 _a004
100 _a37
101 _aMAT
245 _aDynamic Programming Models And Applications
_cDenardo.E.V
942 _2udc
_cBK
999 _c53141
_d53141